| 000 | 00496nam a2200193Ia 4500 | ||
|---|---|---|---|
| 008 | 220531s9999 xx 000 0 und d | ||
| 041 | _aeng | ||
| 082 | _bINT / KRE | ||
| 100 |
_aKreidler, C. W. _978188 |
||
| 245 | _aIntroducing English Semantics | ||
| 250 | _a2ND | ||
| 260 |
_alondon _bRoutledge _c2014 |
||
| 300 | _a196 | ||
| 542 | _d14-09-2017 | ||
| 551 |
_aEnglish _bUgc-ENG |
||
| 650 |
_aEnglish Language-Semantics _978189 |
||
| 906 |
_d2017-2018 _f11270 |
||
| 999 |
_c43337 _d43337 |
||